| 000 | 00543nam a22002057a 4500 | ||
|---|---|---|---|
| 003 | OSt | ||
| 005 | 20180306180923.0 | ||
| 008 | 160427b xxu||||| |||| 00| 0 eng d | ||
| 020 | _a071672829x | ||
| 040 | _cDDC. | ||
| 082 | _a577RIC 2000. | ||
| 100 |
_aRicklefs,Robert;Miller,L.Gary; _98382 |
||
| 245 | _aEcology. | ||
| 250 | _a4th ed. | ||
| 260 |
_aEngland. _bW.H Freeman and Company. _c2000. |
||
| 300 |
_axxvi,822p; _bill; _c30cm. |
||
| 504 | _aincludes glossary,bibliography and index. | ||
| 650 |
_aBiology _95602 |
||
| 942 |
_2ddc _cSLOAN |
||
| 999 |
_c6034 _d6034 |
||